Largest First-Level Subdivisions - Statistics

General Stats
  • This quiz has been taken 21 times
  • The average score is 28 of 50
Answer Stats
Country Area (km²) Answer % Correct
United States 1,717,854 Alaska
92%
Canada 944,735 British Columbia
92%
Australia 1,419,630 Northern Territory
92%
Canada 1,542,056 Quebec
92%
Australia 1,851,736 Queensland
92%
Canada 651,900 Saskatchewan
92%
Canada 661,848 Alberta
85%
Brazil 1,559,167 Amazonas
85%
Denmark 2,166,086 Greenland
85%
Canada 649,950 Manitoba
85%
Australia 809,952 New South Wales
85%
Canada 1,076,395 Ontario
85%
United States 696,241 Texas
85%
Australia 2,642,753 Western Australia
85%
Canada 482,443 Yukon
85%
Canada 1,346,106 Northwest Territories
77%
Canada 2,038,722 Nunavut
77%
United States 423,967 California
69%
China 1,228,400 Tibet
69%
China 1,183,000 Inner Mongolia
62%
Russia 464,275 Kamchatka
62%
United States 380,838 Montana
62%
Russia 3,083,523 Sakha
62%
Australia 1,044,353 South Australia
62%
China 1,664,897 Xinjiang
62%
Russia 774,876 Irkutsk Oblast
54%
Russia 2,366,797 Krasnoyarsk Krai
54%
China 460,000 Heilongjiang
46%
Russia 462,464 Magadan Oblast
46%
Brazil 903,207 Mato Grosso
46%
Brazil 1,245,870 Pará
46%
Saudi Arabia 412,000 Riyadh Province
46%
Niger 667,799 Agadez Region
38%
Russia 413,103 Arkhangelsk Oblast
38%
Russia 721,481 Chukotka
38%
Russia 787,633 Khabarovsk Krai
38%
Brazil 586,514 Minas Gerais
38%
China 721,000 Qinghai
38%
China 485,000 Sichuan
38%
Brazil 564,760 Bahia
31%
Saudi Arabia 672,522 Eastern
31%
China 454,000 Gansu
31%
Russia 416,774 Komi
31%
China 394,000 Yunnan
31%
Egypt 440,098 New Valley
23%
Libya 479,160 Kufra
8%
Mali 440,176 Taoudénit Region
8%
Russia 431,892 Zabaykalsky
8%
Russia 534,801 Khantia-Mansia
0%
Russia 769,250 Yamalia
0%
No matching quizzes found
Score Distribution
Percent of People with Each Score
Percentile by Number Answered
Your Score History
You have not taken this quiz